MARC details
| 000 -LEADER |
| fixed length control field |
02612cam a22002658i 4500 |
| 003 - CONTROL NUMBER IDENTIFIER |
| control field |
OSt |
| 008 - FIXED-LENGTH DATA ELEMENTS--GENERAL INFORMATION |
| fixed length control field |
240726s2025 pau ob 001 0 eng |
| 020 ## - INTERNATIONAL STANDARD BOOK NUMBER |
| International Standard Book Number |
9789349057 |
| 082 00 - DEWEY DECIMAL CLASSIFICATION NUMBER |
| Classification number |
612.7/6 |
| Edition number |
23 |
| 100 1# - MAIN ENTRY--PERSONAL NAME |
| Personal name |
Samuels-Colt, Vickie, |
| 245 10 - TITLE STATEMENT |
| Title |
Foundation in kinesiology and biomechanics / |
| Statement of responsibility, etc |
Vickie Samuels-Colt. |
| 250 ## - EDITION STATEMENT |
| Edition statement |
Second edition. |
| 260 ## - PUBLICATION, DISTRIBUTION, ETC. (IMPRINT) |
| Place of publication, distribution, etc |
New Delhi |
| Name of publisher, distributor, etc |
CBS Publishers & Distributors |
| 505 0# - FORMATTED CONTENTS NOTE |
| Formatted contents note |
Principles of Kinesiology and Biomechanics -- Additional Biomechanical Principles -- Structure and Function of Joints -- Structure and Function of Muscles -- Structure and Function of the Spine -- Structure and Ventilation Function of the Thorax -- Structure and Function of the Temporomandibular Joint -- Structure and Function of the Shoulder Complex -- Structure and Function of the Elbow Complex -- Structure and Function of the Wrist and Hand Complex -- Structure and Function of the Hip Complex -- Structure and Function of the Knee -- Structure and Function of the Ankle and Foot Complex -- The Kinesiology of Gait. |
| 520 ## - SUMMARY, ETC. |
| Summary, etc |
"Foundation in Kinesiology and Biomechanics provides students with a solid conceptual foundation in the study of movement producing a springboard for the study of movement impairments and rehabilitation of dysfunction. This second edition continues to provide students with a solid conceptual foundation in kinesiology as they prepare for careers where an understanding of the musculoskeletal system and its function is the cornerstone of their future profession. This text presents content and a newly added lab textbook with activities emphasizing conceptual concepts rather than rote memorization of facts. The text lays the groundwork for study of impairments and interventions for those entering fields of physical and occupational therapy, athletic training, exercise, strength and conditioning training, sports medicine, and kinesiology. The addition of the lab manual to the second edition provides students with hands-on activities allowing them to experience kinesiology concepts related to general concepts, each body segment, posture, and gait"-- |
| 650 #0 - SUBJECT ADDED ENTRY--TOPICAL TERM |
| Topical term or geographic name as entry element |
Occupational Therapy |
| Form subdivision |
Occupational Therapy |
| General subdivision |
kinesiology and biomechanics |
| 942 ## - ADDED ENTRY ELEMENTS (KOHA) |
| Item type |
Books |
| Source of classification or shelving scheme |
Dewey Decimal Classification |
| 263 ## - PROJECTED PUBLICATION DATE |
| Projected publication date |
2412 |
| 776 08 - ADDITIONAL PHYSICAL FORM ENTRY |
| Display text |
Print version: |
| Main entry heading |
Samuels-Colt, Vickie. |
| Title |
Foundation in kinesiology and biomechanics |
| Edition |
Second edition. |
| Place, publisher, and date of publication |
Philadelphia, PA : F.A. Davis Company, [2025] |
| International Standard Book Number |
9781719649902 |
| Record control number |
(DLC) 2024034391 |
| 906 ## - LOCAL DATA ELEMENT F, LDF (RLIN) |
| a |
7 |
| b |
cbc |
| c |
orignew |
| d |
1 |
| e |
ecip |
| f |
20 |
| g |
y-gencatlg |